[Event "ROM-chT"]
[Site "Eforie Nord"]
[Date "2009.09.20"]
[Round "2"]
[White "Baratosi, Daniel"]
[Black "Ionesi, Cristian"]
[Result "0-1"]
[WhiteElo "2413"]
[BlackElo "2293"]
[PlyCount "94"]
[EventDate "2009.09.19"]
[EventType "team"]
[EventRounds "9"]
[EventCountry "ROU"]
[SourceTitle "CBM 132 Extra"]
[Source "ChessBase"]
[SourceDate "2009.11.03"]
[SourceVersion "1"]
[SourceVersionDate "2009.11.03"]
[SourceQuality "1"]

1. e4 c6 2. d4 d5 3. Nc3 dxe4 4. Nxe4 Bf5 5. Nc5 Nd7 6. Nxd7 Qxd7 7. Nf3 Nf6 8. Bc4 e6 9. h3 Bd6 10. Qe2 Qc7 11. Bg5 Bf4 12. Bxf4 Qxf4 13. Bd3 Bxd3 14. Qxd3 Qe4+ 15. Qxe4 Nxe4 16. 0-0 0-0 17. Rfe1 Nf6 18. Rad1 Rfd8 19. Kf1 Kf8 20. c4 Rac8 21. Rd3 c5 22. Red1 cxd4 23. Rxd4 Rxd4 24. Rxd4 Ke7 25. Ne5 g5 26. b4 Rc7 27. Ke2 Ne8 28. f4 gxf4 29. Rxf4 f6 30. Nf3 e5 31. Rh4 Ke6 32. c5 b6 33. cxb6 axb6 34. a4 Ra7 35. b5 Nd6 36. Nd2 Kd5 37. Kd3 f5 38. Rb4 h5 39. g3 Kc5 40. Rh4 e4+ 41. Ke3 Rxa4 42. Rxh5 Ra3+ 43. Ke2 Rxg3 44. Nxe4+ Nxe4 45. Rxf5+ Kd4 46. Rh5 Re3+ 47. Kd1 Rxh3 0-1

[Event "Bucharest op"]
[Site "Bucharest"]
[Date "2007.09.??"]
[Round "?"]
[White "Ionesi, Cristian"]
[Black "Carmaciu, Lucian Catalin"]
[Result "1-0"]
[WhiteElo "2306"]
[BlackElo "2416"]
[PlyCount "157"]
[EventDate "2007.09.??"]
[EventType "swiss"]
[EventRounds "9"]
[EventCountry "ROU"]
[SourceTitle "EXT 2010"]
[Source "ChessBase"]
[SourceDate "2010.11.25"]
[SourceVersion "1"]
[SourceVersionDate "2010.11.25"]
[SourceQuality "1"]

1. e4 c5 2. Nf3 d6 3. Bb5+ Bd7 4. Bxd7+ Qxd7 5. 0-0 Nc6 6. c3 Nf6 7. d4 cxd4 8. cxd4 d5 9. e5 Ne4 10. Ne1 f6 11. f3 Ng5 12. Be3 Nf7 13. f4 f5 14. Nc3 e6 15. Rc1 Be7 16. Rf2 0-0 17. Na4 b6 18. Rfc2 Rac8 19. Qe2 Na5 20. b3 Ba3 21. Rxc8 Rxc8 22. Rc2 Nd8 23. Qa6 Rxc2 24. Nxc2 Be7 25. Bd2 Qc7 26. Qd3 Ndc6 27. Kf2 Bh4+ 28. Ke2 Qf7 29. g3 Qh5+ 30. Qf3 Qxf3+ 31. Kxf3 Be7 32. Ke2 Kf7 33. h4 Kg6 34. b4 Nc4 35. b5 N6a5 36. Bb4 Bxb4 37. Nxb4 Kh5 38. Nc6 Kg4 39. Nd8 Kxg3 40. Nxe6 Kxh4 41. Nc3 Kg4 42. Nxd5 h5 43. Nxg7 h4 44. e6 Nb7 45. e7 Nbd6 46. Kf2 h3 47. e8Q Nxe8 48. Nxe8 h2 49. Kg2 h1Q+ 50. Kxh1 Kf3 51. Nef6 Na3 52. Nc7 Kxf4 53. Ne6+ Ke3 54. Nd5+ Ke4 55. Ndc7 f4 56. Kg2 Ke3 57. Nd5+ Ke4 58. Ndxf4 Nxb5 59. Kf2 Nxd4 60. Ke1 Nxe6 61. Nxe6 Kd5 62. Ng5 Kc4 63. Kd2 b5 64. Kc2 b4 65. Ne4 a5 66. Nd2+ Kb5 67. Kd3 Kc5 68. Ke4 Kc6 69. Kd4 Kb5 70. Nb1 Kc6 71. Kc4 Kb6 72. Nd2 Kc6 73. Nb3 Kb6 74. Nd4 Ka6 75. Kc5 b3 76. axb3 a4 77. b4 a3 78. Nc2 a2 79. Kc4 1-0

[Event "Eforie Nord Romgaz op"]
[Site "Eforie Nord"]
[Date "2007.08.05"]
[Round "4"]
[White "Luca, Ionel"]
[Black "Ionesi, Cristian"]
[Result "1-0"]
[WhiteElo "2143"]
[BlackElo "2306"]
[PlyCount "136"]
[EventDate "2007.08.03"]
[EventType "swiss"]
[EventRounds "9"]
[EventCountry "ROU"]
[SourceTitle "EXT 2010"]
[Source "ChessBase"]
[SourceDate "2010.11.25"]
[SourceVersion "1"]
[SourceVersionDate "2010.11.25"]
[SourceQuality "1"]

1. c4 c6 2. g3 d5 3. Bg2 Nf6 4. cxd5 cxd5 5. Nc3 Nc6 6. d3 d4 7. Ne4 Nxe4 8. dxe4 e5 9. Nf3 Be7 10. 0-0 0-0 11. Ne1 Be6 12. Nd3 a5 13. Qa4 Qb6 14. h3 Qa6 15. f4 f6 16. Bd2 b5 17. Qd1 a4 18. Qe1 Rfc8 19. Kh2 Qa7 20. fxe5 fxe5 21. g4 Qb6 22. Kh1 Qd8 23. Qg3 Bh4 24. Qh2 Bg5 25. Bxg5 Qxg5 26. Rac1 Bc4 27. Qg3 Qe3 28. Rf3 Qd2 29. Rcf1 Bxd3 30. exd3 Qxb2 31. Rf7 Rf8 32. Qf3 Qb4 33. Qf5 Qd6 34. h4 Rae8 35. g5 Nd8 36. Rxf8+ Rxf8 37. Qc8 Rxf1+ 38. Bxf1 g6 39. Bh3 h6 40. Bd7 Qe7 41. Bxb5 hxg5 42. Bc4+ Kg7 43. hxg5 Nf7 44. a3 Nxg5 45. Qg8+ Kh6 46. Qh8+ Nh7 47. Bg8 Qg7 48. Qxg7+ Kxg7 49. Bc4 Kf6 50. Bb5 Kg5 51. Bxa4 Nf8 52. Bb5 Kf4 53. a4 Ne6 54. Kg2 Nc7 55. Bc4 g5 56. a5 g4 57. a6 Na8 58. a7 Nb6 59. Bb5 g3 60. Bc6 Ke3 61. Kxg3 Kxd3 62. Kf3 Kd2 63. a8Q Nxa8 64. Bxa8 Ke1 65. Bc6 d3 66. Ba4 Kd2 67. Kg4 Ke3 68. Kf5 Kd4 1-0

[Event "Bucharest Rizea Memorial"]
[Site "Bucharest"]
[Date "2007.??.??"]
[Round "8"]
[White "Burnoiu, Nicolae Costel"]
[Black "Ionesi, Cristian"]
[Result "1-0"]
[WhiteElo "2385"]
[BlackElo "2306"]
[PlyCount "57"]
[EventDate "2007.11.17"]
[EventType "swiss"]
[EventRounds "9"]
[EventCountry "ROU"]
[SourceTitle "EXT 2010"]
[Source "ChessBase"]
[SourceDate "2010.11.25"]
[SourceVersion "1"]
[SourceVersionDate "2010.11.25"]
[SourceQuality "1"]

1. e4 e5 2. Nf3 Nc6 3. Bb5 a6 4. Ba4 Nf6 5. 0-0 b5 6. Bb3 Bc5 7. c3 d6 8. d4 Bb6 9. Re1 Bg4 10. Bg5 h6 11. Bh4 g5 12. Bg3 0-0 13. h4 exd4 14. hxg5 hxg5 15. Qd2 Nh7 16. Bd5 Bd7 17. Nxd4 Nxd4 18. Bxa8 Nf3+ 19. gxf3 Qxa8 20. f4 Re8 21. Qd3 Bc6 22. Nd2 Qc8 23. f5 Nf6 24. Re2 Kg7 25. Rae1 Rh8 26. Nf3 Nxe4 27. Rxe4 Qxf5 28. Nd4 Qh3 29. Qf3 1-0

[Event "Bucharest Rizea Memorial"]
[Site "Bucharest"]
[Date "2007.??.??"]
[Round "1"]
[White "Ionesi, Cristian"]
[Black "Vladescu, Viorel Ovidiu"]
[Result "1-0"]
[WhiteElo "2306"]
[BlackElo "1941"]
[PlyCount "75"]
[EventDate "2007.11.17"]
[EventType "swiss"]
[EventRounds "9"]
[EventCountry "ROU"]
[SourceTitle "EXT 2010"]
[Source "ChessBase"]
[SourceDate "2010.11.25"]
[SourceVersion "1"]
[SourceVersionDate "2010.11.25"]
[SourceQuality "1"]

1. d4 c6 2. c4 Nf6 3. Nc3 d5 4. Nf3 g6 5. Bf4 Bg7 6. e3 Bg4 7. h3 Bf5 8. Qb3 b6 9. cxd5 Nxd5 10. Nxd5 Qxd5 11. Qxd5 cxd5 12. Rc1 0-0 13. Be2 Nd7 14. Ba6 f6 15. Bb7 Rae8 16. Bxd5+ e6 17. Bb3 Be4 18. Rc7 Rf7 19. 0-0 Bxf3 20. gxf3 a6 21. Rfc1 g5 22. Bg3 Nf8 23. Rxf7 Kxf7 24. Rc6 Nd7 25. Bd6 f5 26. Rc7 Rd8 27. Ra7 Bf6 28. Bc7 Rc8 29. Bxb6 Ke8 30. Ba4 Rb8 31. Bxd7+ Kf8 32. Bc5+ Kg8 33. Bxe6+ Kh8 34. Rf7 Bg7 35. Rxf5 Rxb2 36. Rxg5 a5 37. Bf8 Rb7 38. Bxg7+ 1-0

[Event "Predeal op"]
[Site "Predeal"]
[Date "2006.08.16"]
[Round "7"]
[White "Ionesi, Cristian"]
[Black "Murariu, Andrei"]
[Result "0-1"]
[WhiteElo "2232"]
[BlackElo "2516"]
[PlyCount "56"]
[EventDate "2006.08.12"]
[EventType "swiss"]
[EventRounds "9"]
[EventCountry "ROU"]
[SourceTitle "CBM 113 Extra"]
[Source "ChessBase"]
[SourceDate "2006.09.14"]
[SourceVersion "1"]
[SourceVersionDate "2006.09.14"]
[SourceQuality "1"]

1. d4 d5 2. c4 c6 3. Nc3 Nf6 4. Nf3 a6 5. Qb3 dxc4 6. Qxc4 b5 7. Qd3 e6 8. Bg5 Be7 9. e4 b4 10. Na4 Nbd7 11. e5 Nd5 12. Bxe7 Qxe7 13. Rc1 0-0 14. Qe4 Bb7 15. Bd3 f5 16. exf6 N5xf6 17. Qh4 Rae8 18. 0-0 Qd6 19. Nc5 Nxc5 20. Rxc5 h6 21. Ne5 Nd5 22. Bxa6 Nf4 23. Bxb7 Qxd4 24. Rc4 Qxe5 25. Bxc6 Rc8 26. Re4 Qf5 27. Rc4 Rxc6 28. Rxc6 Qe4 0-1

[Event "ROM-ch U18"]
[Site "Sovata"]
[Date "2002.04.24"]
[Round "1"]
[White "Dulman, Egmond Gabriel"]
[Black "Ionesi, Cristian"]
[Result "1/2-1/2"]
[WhiteElo "2041"]
[BlackElo "2148"]
[PlyCount "105"]
[EventDate "2002.04.24"]
[EventType "tourn"]
[EventRounds "11"]
[EventCountry "ROU"]
[SourceTitle "EXT 2008"]
[Source "ChessBase"]
[SourceDate "2007.11.25"]
[SourceVersion "1"]
[SourceVersionDate "2007.11.25"]
[SourceQuality "1"]

1. d4 Nf6 2. c4 g6 3. Nc3 Bg7 4. e4 d6 5. h3 0-0 6. Bg5 c5 7. d5 b5 8. cxb5 a6 9. a4 Qa5 10. Bd2 Qb4 11. Bd3 c4 12. Bc2 Nfd7 13. Nf3 Nc5 14. 0-0 Nb3 15. Bxb3 cxb3 16. Ra3 axb5 17. Rxb3 Qc4 18. axb5 Nd7 19. Ra3 Bb7 20. Ra4 Rxa4 21. Qxa4 Rc8 22. Re1 Nb6 23. Qa5 Qc7 24. Be3 Nc4 25. Qxc7 Rxc7 26. Bd4 Nxb2 27. Bxg7 Kxg7 28. Rb1 Nd3 29. Ne2 Rc4 30. Nfd4 Nc5 31. f3 f5 32. exf5 Bxd5 33. fxg6 hxg6 34. b6 Bb7 35. Rb2 Kf6 36. Nb5 Ke6 37. Nbd4+ Kd7 38. Kh2 e5 39. Nb3 Nxb3 40. Rxb3 Rc2 41. Rc3 Rxc3 42. Nxc3 d5 43. Kg1 d4 44. Ne4 Kc6 45. Nd2 Ba6 46. Kf2 Kxb6 47. h4 Kc5 48. g4 Bd3 49. h5 gxh5 50. gxh5 Kd5 51. h6 Ke6 52. Nb3 Kf6 53. f4 1/2-1/2

[Event "ROM-ch U18 sf"]
[Site "Buzias"]
[Date "2002.03.??"]
[Round "3"]
[White "Burlacu, Bogdan"]
[Black "Ionesi, Cristian"]
[Result "0-1"]
[WhiteElo "2185"]
[BlackElo "2166"]
[PlyCount "116"]
[EventDate "2002.03.18"]
[EventType "swiss"]
[EventRounds "9"]
[EventCountry "ROU"]
[SourceTitle "EXT 2008"]
[Source "ChessBase"]
[SourceDate "2007.11.25"]
[SourceVersion "1"]
[SourceVersionDate "2007.11.25"]
[SourceQuality "1"]

1. e4 c5 2. Nf3 d6 3. Bb5+ Nd7 4. 0-0 Ngf6 5. Re1 a6 6. Bf1 e5 7. c3 Be7 8. d4 0-0 9. a4 cxd4 10. cxd4 exd4 11. Nxd4 Ne5 12. Nc3 Re8 13. Bg5 Nc6 14. Qd2 h6 15. Bf4 Ne5 16. Rad1 Qb6 17. h3 Be6 18. Nxe6 fxe6 19. Be3 Qb4 20. Qd4 Qxd4 21. Rxd4 Nc6 22. Rd2 Nb4 23. Bc4 Bf8 24. Bb3 Nc6 25. Red1 Rac8 26. Bf4 Na5 27. Ba2 Nc4 28. Bxc4 Rxc4 29. f3 d5 30. Be5 Nd7 31. Bg3 d4 32. Ne2 e5 33. b3 Rb4 34. Nc1 Nc5 35. Be1 Rb6 36. Rc2 Rc6 37. Nd3 Nxd3 38. Rxc6 bxc6 39. Rxd3 c5 40. Ba5 Bd6 41. Bb6 Rc8 42. a5 Kf7 43. Kf2 Ke6 44. Ke2 Kd7 45. Rd2 Kc6 46. Rc2 Kb5 47. Rc4 Rc6 48. Kd3 Bc7 49. Bxc7 Rxc7 50. Ra4 g5 51. Ra1 Kb4 52. Kc2 c4 53. bxc4 Rxc4+ 54. Kd2 Rc3 55. Kd1 Ra3 56. Rc1 Rxa5 57. Rc6 Ra2 58. Rxh6 Kc3 0-1

[Event "ROM-ch U18 sf"]
[Site "Buzias"]
[Date "2002.03.??"]
[Round "?"]
[White "Ionesi, Cristian"]
[Black "Baratosi, Daniel"]
[Result "1/2-1/2"]
[WhiteElo "2166"]
[BlackElo "2140"]
[PlyCount "76"]
[EventDate "2002.03.18"]
[EventType "swiss"]
[EventRounds "9"]
[EventCountry "ROU"]
[SourceTitle "EXT 2008"]
[Source "ChessBase"]
[SourceDate "2007.11.25"]
[SourceVersion "1"]
[SourceVersionDate "2007.11.25"]
[SourceQuality "1"]

1. e4 c5 2. Nf3 e6 3. d4 cxd4 4. Nxd4 a6 5. Bd3 Qc7 6. 0-0 Nc6 7. Nxc6 Qxc6 8. Nc3 b5 9. Qe2 Bb7 10. Bd2 Nf6 11. Rae1 Bc5 12. Nd5 Nxd5 13. exd5 Qxd5 14. Qg4 h5 15. Qh3 0-0-0 16. b4 Bb6 17. Bf4 g5 18. c4 Qxg2+ 19. Qxg2 Bxg2 20. Kxg2 gxf4 21. cxb5 axb5 22. Bxb5 Kb7 23. Kf3 Bc7 24. Rc1 f5 25. Rfd1 Rh7 26. Bd3 Rf7 27. a4 d5 28. Bb5 d4 29. Bc6+ Ka7 30. Ke2 e5 31. f3 Rg7 32. Kd3 h4 33. Rg1 Rdg8 34. Rxg7 Rxg7 35. Bd5 Kb8 36. Rc6 Rd7 37. Be6 Rd6 38. Rxd6 Bxd6 1/2-1/2

[Event "ROM-ch U18 sf"]
[Site "Buzias"]
[Date "2002.03.??"]
[Round "5"]
[White "Ionesi, Cristian"]
[Black "Jianu, Vlad Cristian"]
[Result "1/2-1/2"]
[WhiteElo "2166"]
[BlackElo "2399"]
[PlyCount "40"]
[EventDate "2002.03.18"]
[EventType "swiss"]
[EventRounds "9"]
[EventCountry "ROU"]
[SourceTitle "EXT 2008"]
[Source "ChessBase"]
[SourceDate "2007.11.25"]
[SourceVersion "1"]
[SourceVersionDate "2007.11.25"]
[SourceQuality "1"]

1. e4 c5 2. Nf3 Nc6 3. Nc3 g6 4. d4 cxd4 5. Nxd4 Bg7 6. Be3 d6 7. Bc4 Nf6 8. f3 0-0 9. Qd2 Bd7 10. 0-0-0 Qa5 11. g4 Ne5 12. Bb3 Rfc8 13. h4 Nc4 14. Bxc4 Rxc4 15. h5 Rac8 16. hxg6 fxg6 17. Kb1 a6 18. Rh2 Rxc3 19. bxc3 Qxc3 20. Qxc3 Rxc3 1/2-1/2

[Event "Bucharest Edyval Cup"]
[Site "Bucharest"]
[Date "2001.10.19"]
[Round "5"]
[White "Dinu, Dumitru Daniel"]
[Black "Ionesi, Cristian"]
[Result "1-0"]
[WhiteElo "2307"]
[BlackElo "2146"]
[PlyCount "61"]
[EventDate "2001.10.15"]
[EventType "tourn"]
[EventRounds "13"]
[EventCountry "ROU"]
[SourceTitle "EXT 2010"]
[Source "ChessBase"]
[SourceDate "2010.11.25"]
[SourceVersion "1"]
[SourceVersionDate "2010.11.25"]
[SourceQuality "1"]

1. Nf3 d5 2. b3 Nf6 3. Bb2 e6 4. c4 Be7 5. e3 0-0 6. Be2 c6 7. 0-0 Nbd7 8. d4 b6 9. Nbd2 Bb7 10. cxd5 exd5 11. Bd3 Re8 12. Ne5 Nxe5 13. dxe5 Nd7 14. e6 fxe6 15. Qh5 Nf8 16. Nf3 Bf6 17. Ne5 Qc7 18. f4 g6 19. Qe2 Qg7 20. g4 Nd7 21. g5 Bxe5 22. fxe5 Qe7 23. Qg4 a5 24. Rac1 Qb4 25. Qh3 Qd2 26. Rf7 Nf8 27. Rxb7 Qxb2 28. Rf1 h5 29. Rxf8+ Rxf8 30. Qxe6+ Kh8 31. Rh7+ 1-0

[Event "ROM-ch sf U18"]
[Site "Eforie Nord"]
[Date "2001.??.??"]
[Round "?"]
[White "Bodnar, Ovidiu"]
[Black "Ionesi, Cristian"]
[Result "1-0"]
[WhiteElo "2199"]
[BlackElo "1900"]
[PlyCount "59"]
[EventDate "2001.01.28"]
[EventType "swiss"]
[EventRounds "9"]
[EventCountry "ROU"]
[SourceTitle "EXT 2004"]
[Source "ChessBase"]
[SourceDate "2003.11.25"]
[SourceVersion "1"]
[SourceVersionDate "2003.11.25"]
[SourceQuality "1"]

1. d4 Nf6 2. c4 g6 3. Nf3 Bg7 4. g3 d6 5. Bg2 0-0 6. 0-0 Nbd7 7. Nc3 e5 8. e4 c6 9. h3 Qb6 10. d5 Nc5 11. Re1 cxd5 12. cxd5 Bd7 13. Rb1 Qb4 14. a3 Qb3 15. Qe2 Rfc8 16. Nd2 Qc2 17. Bf1 Ne8 18. Qe3 f5 19. b3 Nxe4 20. Ndxe4 fxe4 21. Bd2 Rxc3 22. Bxc3 Bh6 23. Qxh6 Qxc3 24. Qe3 Qxe3 25. Rxe3 Nf6 26. Rc1 Kf8 27. Bg2 Nxd5 28. Rxe4 Nf6 29. Re3 Rb8 30. Rc7 1-0